[Event "Bogny sur Meuse (France)"]
[Site "?"]
[Date "2005.07.18"]
[Round "4"]
[White "Eliet Nicolas"]
[Black "Miezis Normunds"]
[Result "1/2-1/2"]
[WhiteElo "2436"]
[BlackElo "2527"]
[PlyCount "144"]
[EventDate "2005.??.??"]
[Source "www.chesslib.no"]
[SourceDate "2004.05.04"]

1. d4 Nf6 2. c4 e5 3. dxe5 Ng4 4. Bf4 Nc6 5. Nf3 Bb4+ 6. Nc3 Qe7 7. Qd5 f6 8. exf6 Bxc3+ 9. bxc3 Nxf6 10. Qd3 d6 11. g3 Ne4 12. Bg2 O-O 13. O-O Nc5 14. Qe3 Qxe3 15. Bxe3 Na4 16. Nd4 Bd7 17. Rfc1 Kh8 18. Nb3 Bg4 19. c5 Bxe2 20. cxd6 cxd6 21. Nd4 Nxd4 22. cxd4 Bf3 23. Bxf3 Rxf3 24. Rc7 b5 25. Bf4 Nb6 26. Bxd6 Kg8 27. Bc5 Na4 28. Re1 Nxc5 29. dxc5 Rf7 30. Rc6 Raf8 31. f4 Rd7 32. Ra6 Rf5 33. c6 Rc7 34. Rd1 Rf8 35. Rd7 Rf7 36. Rd8+ Rf8 37. Rd5 Rf6 38. Rxb5 Rfxc6 39. Rxc6 Rxc6 40. Rb8+ Kf7 41. Rb7+ Kf6 42. Rxa7 Rc1+ 43. Kg2 Rc2+ 44. Kh3 h5 45. a4 Ra2 46. a5 g5 47. fxg5+ Kxg5 48. Ra8 Kg6 49. a6 Kg7 50. Kh4 Kg6 51. Kh3 Kg7 52. Kh4 Kg6 53. h3 Ra4+ 54. g4 hxg4 55. hxg4 Ra3 56. g5 Ra5 57. Kh3 Kg7 58. Kg4 Kg6 59. Kf4 Kg7 60. Ke4 Rxg5 61. Kd4 Ra5 62. Kc4 Kf7 63. Kb4 Ra1 64. Kb5 Rb1+ 65. Kc6 Rc1+ 66. Kb7 Rb1+ 67. Ka7 Ke7 68. Rb8 Rc1 69. Rb5 Kd7 70. Kb6 Rc6+ 71. Ka5 Rc1 72. a7 Kc7 1/2-1/2

[Event "TCh-CZE Extraliga 2003-4"]
[Site "Czech Rep"]
[Date "2004.03.20"]
[Round "8"]
[White "Haba, Petr"]
[Black "Meduna, Eduard"]
[Result "1-0"]
[WhiteElo "2524"]
[BlackElo "2432"]
[PlyCount "106"]
[EventDate "2004.01.08"]
[Source "Roberto Alvarez"]
[SourceDate "2004.04.05"]

1. d4 Nf6 2. c4 e5 3. dxe5 Ng4 4. Bf4 g5 5. Bd2 Bc5 6. e3 Nxe5 7. Bc3 Qe7 8. Nd2 Nbc6 9. Ngf3 d6 10. a3 Bg4 11. Be2 Bxf3 12. gxf3 O-O-O 13. Qc2 Rhf8 14. Qf5+ Qe6 15. Qxe6+ fxe6 16. Ne4 h6 17. h4 Bb6 18. hxg5 d5 19. f4 dxe4 20. fxe5 hxg5 21. b4 a6 22. c5 Ba7 23. Bc4 Rde8 24. Rh6 Nd8 25. Rd1 Rh8 26. Rf6 Rh1+ 27. Ke2 Rxd1 28. Kxd1 Kd7 29. Rg6 Nf7 30. c6+ bxc6 31. Bxa6 c5 32. b5 c6 33. a4 Re7 34. Bb7 Nd8 35. Ba8 Kc7 36. Ke2 Kb6 37. bxc6 Nxc6 38. Rxg5 Bb8 39. Rg8 Bc7 40. Rc8 Na7 41. Rh8 Nc6 42. Rc8 Na7 43. Rh8 Nc6 44. Rh4 Re8 45. Bxc6 Kxc6 46. Rxe4 Rb8 47. Kd3 Rd8+ 48. Kc2 Rf8 49. Rf4 Ra8 50. Kb3 Rb8+ 51. Kc4 Ra8 52. Rf6 Rxa4+ 53. Kb3 Ra8 1-0

[Event "MTO"]
[Site "Biel"]
[Date "2004.07.26"]
[Round "7"]
[White "Cvitan, Ognjen"]
[Black "Wippermann, Till"]
[Result "1-0"]
[WhiteElo "2527"]
[BlackElo "2427"]
[PlyCount "63"]
[EventDate "2004.07.19"]
[Source "Roberto Alvarez"]
[SourceDate "2004.08.10"]

1. d4 Nf6 2. c4 e5 3. dxe5 Ng4 4. Bf4 Bb4+ 5. Nd2 Nc6 6. Ngf3 Qe7 7. a3 Ngxe5 8. Nxe5 Nxe5 9. e3 Bxd2+ 10. Qxd2 d6 11. Qc3 f6 12. Be2 O-O 13. O-O a5 14. b4 b6 15. Rfd1 Bb7 16. c5 bxc5 17. bxc5 Ba6 18. Bxa6 Rxa6 19. cxd6 cxd6 20. Bxe5 dxe5 21. Rab1 Ra7 22. a4 Rd8 23. Qc4+ Kf8 24. Rxd8+ Qxd8 25. Qc5+ Qe7 26. Rb8+ Kf7 27. Qc4+ Kg6 28. Qg4+ Kh6 29. Qh4+ Kg6 30. g4 h6 31. Rh8 Kf7 32. Qh5+ 1-0

[Event "Camp. svizzero a sq. - Joueur-SW Bern"]
[Site "Svizzera"]
[Date "2008.05.25"]
[Round "4.1"]
[White "Renet, Olivier"]
[Black "Klauser, Markus"]
[Result "1/2-1/2"]
[WhiteElo "2558"]
[BlackElo "2396"]
[PlyCount "38"]
[EventDate "2008.03.02"]
[Source "www.chesslib.no"]
[SourceDate "2004.05.04"]

1. d4 Nf6 2. c4 e5 3. dxe5 Ng4 4. Bf4 Bb4+ 5. Nc3 Bxc3+ 6. bxc3 Nc6 7. Nf3 Qe7 8. Qd5 f6 9. exf6 Nxf6 10. Qd3 d6 11. g3 O-O 12. Bg2 Bg4 13. O-O Rae8 14. Rfe1 Ne4 15. Nd4 Bd7 16. Bxe4 Qxe4 17. Nb5 Qxd3 18. exd3 Rxe1+ 19. Rxe1 g5 1/2-1/2

[Event "8th Open"]
[Site "Voronezh"]
[Date "2004.06.14"]
[Round "3"]
[White "Riazantsev, Alexander"]
[Black "Tjurin, AP."]
[Result "1-0"]
[WhiteElo "2556"]
[BlackElo "2397"]
[PlyCount "25"]
[EventDate "2004.06.12"]
[Source "Roberto Alvarez"]
[SourceDate "2004.07.05"]

1. d4 Nf6 2. c4 e5 3. dxe5 Ng4 4. Bf4 g5 5. Bg3 Nc6 6. Nf3 Bg7 7. h4 Ncxe5 8. Nxe5 Nxe5 9. hxg5 Qxg5 10. e3 d6 11. Nc3 Be6 12. Nd5 O-O-O 13. Rh5 1-0

[Event "It (Open) Dos Hermanas ESP"]
[Site "?"]
[Date "2006.04.07"]
[Round "9"]
[White "Candela Perez Jose"]
[Black "Campora Daniel Hugo"]
[Result "0-1"]
[WhiteElo "2410"]
[BlackElo "2541"]
[PlyCount "52"]
[EventDate "2006.??.??"]
[Source "www.chesslib.no"]
[SourceDate "2004.05.04"]

1. d4 Nf6 2. c4 e5 3. dxe5 Ng4 4. Bf4 g5 5. Bd2 Nxe5 6. Nf3 Bg7 7. Nxe5 Bxe5 8. Bc3 Nc6 9. e3 d6 10. Bd3 g4 11. Qc2 Be6 12. Nd2 Qf6 13. Ne4 Qg7 14. O-O-O O-O-O 15. Kb1 Kb8 16. Rc1 h5 17. Ng3 Bxc3 18. Qxc3 Qxc3 19. Rxc3 Ne5 20. Kc2 d5 21. cxd5 Bxd5 22. e4 Bxa2 23. Bb5 c6 24. Ba4 Bc4 25. Bb3 Bd3+ 26. Kc1 h4 0-1

[Event "CRO-Cup"]
[Site "Pula CRO"]
[Date "1993.??.??"]
[Round "1"]
[White "Lalic, Bogdan"]
[Black "Mohr, Georg"]
[Result "1/2-1/2"]
[WhiteElo "2515"]
[BlackElo "2435"]
[PlyCount "92"]
[EventDate "1993.??.??"]
[Source "www.chesslib.no"]
[SourceDate "2004.05.04"]

1. d4 Nf6 2. c4 e5 3. dxe5 Ng4 4. Bf4 Bb4+ 5. Nd2 d6 6. a3 dxe5 7. Bg3 Bxd2+ 8. Qxd2 Qxd2+ 9. Kxd2 Nc6 10. f3 Nh6 11. Rd1 Be6 12. Kc3 Nf5 13. Bf2 Nd6 14. e4 O-O-O 15. Be2 Bxc4 16. Rxd6 Rxd6 17. Bxc4 Rd1 18. Bxf7 Rhd8 19. Bd5 Nd4 20. Bxd4 exd4+ 21. Kc2 Ra1 22. Be6+ Kb8 23. Bc4 a6 24. e5 c5 25. a4 d3+ 26. Bxd3 c4 27. Be2 b5 28. axb5 axb5 29. f4 b4 30. Bxc4 Rdd1 31. f5 Rxg1 32. Rxg1 Rxg1 33. Bd5 Kc7 34. Kb3 Re1 35. f6 gxf6 36. exf6 Kd6 37. f7 Rf1 38. Bf3 Ke7 39. Kxb4 Kxf7 40. Kb5 Ke6 41. b4 Kd6 42. Kb6 Rb1 43. b5 Rb2 44. Bc6 h5 45. Kb7 h4 46. h3 Rf2 1/2-1/2

[Event "Strassburg"]
[Site "Strassburg"]
[Date "1992.??.??"]
[Round "?"]
[White "Prie, Eric"]
[Black "Bricard, Emmanuel"]
[Result "0-1"]
[WhiteElo "2460"]
[BlackElo "2485"]
[PlyCount "56"]
[EventDate "1992.??.??"]
[Source "www.chesslib.no"]
[SourceDate "2004.05.04"]

1. d4 Nf6 2. c4 e5 3. dxe5 Ng4 4. Bf4 Bb4+ 5. Nd2 d6 6. exd6 Qf6 7. Nh3 Nxf2 8. Nxf2 Qxf4 9. dxc7 Nc6 10. Nd3 Qh4+ 11. g3 Qe4 12. Rg1 Ba5 13. Kf2 Qe7 14. Bg2 Bxc7 15. Re1 Bg4 16. c5 O-O-O 17. Bf3 h5 18. Nc4 Qf6 19. Kg2 Bxf3+ 20. exf3 h4 21. Nd6+ Bxd6 22. cxd6 Qxd6 23. Nf2 Qh6 24. Qc1 Rd2 25. Qc4 hxg3 26. Qg4+ f5 27. Qxg3 Rd6 28. Rh1 Rg6 0-1

[Event "Open"]
[Site "Kavala GRE"]
[Date "2007.08.08"]
[Round "5"]
[White "Graf, A."]
[Black "Asik, J."]
[Result "0-1"]
[WhiteElo "2595"]
[BlackElo "2347"]
[PlyCount "78"]
[EventDate "2007.08.05"]
[Source "www.chesslib.no"]
[SourceDate "2004.05.04"]

1. d4 Nf6 2. c4 e5 3. dxe5 Ng4 4. Bf4 g5 5. Bd2 Nxe5 6. Nf3 Bg7 7. Nc3 Nbc6 8. Qc2 d6 9. Nxg5 Nd4 10. Qe4 h6 11. Qxd4 hxg5 12. Qe3 Be6 13. b3 f5 14. g3 Qf6 15. Rc1 c6 16. Qxg5 Qf7 17. Qe3 Ng4 18. Qd3 O-O-O 19. Nd5 Ne5 20. Qe3 Bxd5 21. cxd5 Qxd5 22. Rg1 Rde8 23. Bg2 Qb5 24. a4 Qa6 25. Kd1 Bh6 26. f4 Ng4 27. Qf3 Qb6 28. Kc2 Ne3+ 29. Kb2 Bg7+ 30. Ka2 Re4 31. Bc3 Bxc3 32. Rxc3 Nd5 33. Rgc1 Rhe8 34. Bh3 Rxe2+ 35. R3c2 Nb4+ 36. Kb1 Nxc2 37. Bxf5+ Kb8 38. Bxc2 R8e3 39. a5 Qb4 0-1

[Event "Corr"]
[Site "?"]
[Date "1997.10.15"]
[Round "?"]
[White "Rost Detlef (GER)"]
[Black "Nightingale Darrell (IRL)"]
[Result "1/2-1/2"]
[WhiteElo "2490"]
[BlackElo "2450"]
[PlyCount "45"]
[EventDate "1997.??.??"]
[Source "www.chesslib.no"]
[SourceDate "2004.05.04"]

1. d4 Nf6 2. c4 e5 3. dxe5 Ng4 4. Bf4 Nc6 5. Nf3 Bb4+ 6. Nbd2 Qe7 7. e3 Ngxe5 8. Nxe5 Nxe5 9. Be2 b6 10. O-O Bxd2 11. Qxd2 Bb7 12. Rfd1 d6 13. b4 O-O-O 14. a4 g5 15. Bxe5 Qxe5 16. a5 Rhg8 17. axb6 axb6 18. Ra7 g4 19. Qc2 Qe4 20. Qxe4 Bxe4 21. Bd3 Bxd3 22. Rxd3 Kd7 23. c5 1/2-1/2

[Event "AUT Team Ch 9495"]
[Site "Austria"]
[Date "1995.??.??"]
[Round "?"]
[White "Barbero, Gerardo F"]
[Black "Brestian, Egon"]
[Result "0-1"]
[WhiteElo "2500"]
[BlackElo "2440"]
[PlyCount "120"]
[EventDate "1994.??.??"]
[Source "www.chesslib.no"]
[SourceDate "2004.05.04"]

1. d4 Nf6 2. c4 e5 3. dxe5 Ng4 4. Bf4 Nc6 5. Nf3 Bb4+ 6. Nc3 Bxc3+ 7. bxc3 Qe7 8. Qd5 f6 9. exf6 Nxf6 10. Qd3 d6 11. g3 O-O 12. Bg2 Kh8 13. O-O Bg4 14. Rae1 Rae8 15. Bg5 Qf7 16. Bxf6 Qxf6 17. Nd2 Re5 18. f4 Ra5 19. Qc2 Be6 20. Rb1 Nd8 21. Rb5 Ra6 22. e4 Qf7 23. Rf2 Bd7 24. Rb1 Ne6 25. Nb3 Ra4 26. f5 Nd8 27. c5 Qe7 28. Rd1 Nf7 29. Rd4 Ne5 30. cxd6 cxd6 31. Qd1 Ra6 32. Rfd2 Qg5 33. Qe1 Qe7 34. h3 Bxf5 35. Qd1 Be6 36. Rxd6 Rxd6 37. Rxd6 Nc4 38. Rd4 Ne3 39. Qd2 Nxg2 40. Kxg2 h6 41. Qe2 Qc7 42. c4 Qc8 43. g4 h5 44. e5 b5 45. cxb5 Qc3 46. Rd3 Qc4 47. Nd4 Rd8 48. Qd1 Qxa2+ 49. Rd2 Rxd4 50. Rxa2 Rxd1 51. Rxa7 hxg4 52. hxg4 Rb1 53. Re7 Bd5+ 54. Kg3 Rxb5 55. Re8+ Kh7 56. e6 Kg6 57. Kf4 Ra5 58. g5 Bc4 59. e7 Kf7 60. Rg8 Bb5 0-1

[Event "Dhaka"]
[Site "Dhaka"]
[Date "1995.??.??"]
[Round "2"]
[White "Conquest, Stuart"]
[Black "Lodhi, Mahmood"]
[Result "1/2-1/2"]
[WhiteElo "2520"]
[BlackElo "2420"]
[PlyCount "115"]
[EventDate "1995.??.??"]
[Source "ChessBase"]

1. d4 Nf6 2. c4 e5 3. dxe5 Ng4 4. Bf4 Nc6 5. Nf3 Bb4+ 6. Nbd2 Qe7 7. e3 Ngxe5 8. Nxe5 Nxe5 9. Be2 Ng6 10. Bxc7 d5 11. Bg3 dxc4 12. O-O O-O 13. Nxc4 Rd8 14. Qc2 Be6 15. a3 Rac8 16. axb4 b5 17. b3 Qxb4 18. Rfc1 bxc4 19. Bxc4 a5 20. h4 Ne7 21. Ra4 Qb6 22. Qe4 Nf5 23. Be5 Nd6 24. Bd4 Nxe4 25. Bxb6 Nc5 26. Bxe6 Nxa4 27. Bxc8 Nxb6 28. Bb7 a4 29. b4 a3 30. Ra1 Rd3 31. Be4 Rb3 32. Bc2 Rb2 33. Bd3 a2 34. b5 Kf8 35. g4 g6 36. Kg2 Ke7 37. Kf3 Kd6 38. Ke4 Rxf2 39. Kd4 Rg2 40. Kc3 Kc5 41. e4 Nd7 42. Kb3 Rg3 43. Kc2 Ne5 44. Be2 Rg2 45. Kd2 Nf3+ 46. Ke3 Nd4 47. Rxa2 Nxe2 48. Rxe2 Rxg4 49. Rf2 Rxh4 50. Rxf7 Kxb5 51. Kd4 Kc6 52. Ke5 g5 53. Rf6+ Kd7 54. Kf5 h6 55. e5 Rf4+ 56. Kg6 Ke7 57. Ra6 Rh4 58. Kf5 1/2-1/2

[Event "Ljubljana Open"]
[Site "Ljubljana"]
[Date "1995.??.??"]
[Round "7"]
[White "Sher, Miron N"]
[Black "Mohr, Georg"]
[Result "1/2-1/2"]
[WhiteElo "2510"]
[BlackElo "2430"]
[PlyCount "47"]
[EventDate "1995.06.??"]
[Source "www.chesslib.no"]
[SourceDate "2004.05.04"]

1. d4 Nf6 2. c4 e5 3. dxe5 Ng4 4. Bf4 Bb4+ 5. Nd2 d6 6. exd6 Qf6 7. Nh3 Nxf2 8. Kxf2 Bxh3 9. g3 Bxf1 10. Rxf1 Qd4+ 11. Kf3 Bxd6 12. Ne4 Qxd1 13. Raxd1 Bxf4 14. gxf4 Nd7 15. Rg1 O-O-O 16. Rd5 g6 17. Ng5 Rdf8 18. h4 Nf6 19. Re5 h6 20. Ne4 Nd7 21. Rd5 f5 22. Nc3 Rhg8 23. Rgd1 Rf7 24. b3 1/2-1/2

[Event "Ch (1/2 final)"]
[Site "Frunze (Kyrgyzstan)"]
[Date "1989.??.??"]
[Round "?"]
[White "Graf, Alexander"]
[Black "Magai, Vladimir"]
[Result "1-0"]
[WhiteElo "2435"]
[BlackElo "2500"]
[PlyCount "123"]
[EventDate "1989.??.??"]
[Source "www.chesslib.no"]
[SourceDate "2004.05.04"]

1. d4 Nf6 2. c4 e5 3. dxe5 Ng4 4. Bf4 Nc6 5. Nf3 Bb4+ 6. Nbd2 Qe7 7. a3 Ngxe5 8. Nxe5 Nxe5 9. e3 Bd6 10. Ne4 Nxc4 11. Nxd6+ Nxd6 12. Rc1 Ne4 13. Rxc7 O-O 14. Qd4 Re8 15. Be2 Qf6 16. Qxf6 Nxf6 17. Bf3 d5 18. O-O b6 19. Be2 Be6 20. Bb5 Rec8 21. Rfc1 Rxc7 22. Bxc7 h6 23. f3 Bd7 24. Ba6 Bc8 25. Bd3 Bb7 26. Kf2 g6 27. Bf4 g5 28. Be5 Nd7 29. Bd6 Rc8 30. Rxc8+ Bxc8 31. Bf5 b5 32. e4 dxe4 33. Bxe4 Nb6 34. Bc5 Nc4 35. Bxa7 Nxb2 36. Bc5 Nc4 37. Ke2 Be6 38. Bc6 g4 39. Bxb5 gxf3+ 40. gxf3 Bd5 41. f4 Kg7 42. Kd3 Na5 43. Kd4 Bf3 44. Bb6 Nb7 45. Bc7 Kf6 46. a4 Ke7 47. a5 Nd6 48. Bd3 Ne8 49. Be5 Kd7 50. Kc5 f6 51. Bb5+ Ke7 52. Bb8 Ng7 53. a6 Ne6+ 54. Kb6 Nd4 55. Bf1 Nc6 56. Bc7 Nb4 57. Kc5 Nxa6+ 58. Bxa6 f5 59. Kd4 Kf6 60. Bd8+ Kg6 61. Ke5 Be4 62. Bb5 1-0

[Event "Gausdal Int"]
[Site "Gausdal NOR"]
[Date "1994.??.??"]
[Round "8"]
[White "Horvath, Csaba"]
[Black "Bronstein, David I"]
[Result "1/2-1/2"]
[WhiteElo "2535"]
[BlackElo "2400"]
[PlyCount "88"]
[EventDate "1994.07.??"]
[Source "www.chesslib.no"]
[SourceDate "2004.05.04"]

1. d4 Nf6 2. c4 e5 3. dxe5 Ng4 4. Bf4 g5 5. Bd2 Nxe5 6. Bc3 Bg7 7. e3 O-O 8. h4 d6 9. hxg5 Qxg5 10. Nd2 Bf5 11. Nh3 Qh6 12. Be2 Re8 13. Kf1 Ng6 14. Rc1 Nd7 15. Kg1 Bxc3 16. Rxc3 Qg7 17. Nf1 Nf6 18. Ng3 Bd7 19. Bd3 Re5 20. Qc2 Rae8 21. Bf5 Bc6 22. Ng5 h6 23. Nf3 Bxf3 24. gxf3 h5 25. f4 R5e7 26. Bd3 Rd7 27. Kf1 d5 28. cxd5 h4 29. Nf5 Qh8 30. Bb5 Qh5 31. Bxd7 Nxd7 32. e4 Nf6 33. f3 h3 34. Ng3 Qh4 35. Qh2 Qxf4 36. Ne2 Qd2 37. Qxh3 Nxd5 38. Rc5 Ne3+ 39. Kf2 Nd1+ 40. Rxd1 Qxd1 41. Qf5 c6 42. Qf6 Qd8 43. Qxd8 Rxd8 44. Ke3 f6 1/2-1/2

[Event "YUG-ch"]
[Site "?"]
[Date "1978.01.27"]
[Round "7"]
[White "Nikolac Juraj"]
[Black "Mestrovic Zvonimir"]
[Result "1/2-1/2"]
[WhiteElo "2495"]
[BlackElo "2435"]
[PlyCount "102"]
[EventDate "1978.??.??"]
[Source "www.chesslib.no"]
[SourceDate "2004.05.04"]

1. d4 Nf6 2. c4 e5 3. dxe5 Ng4 4. Bf4 Nc6 5. Nf3 Bb4+ 6. Nbd2 Qe7 7. a3 Ngxe5 8. Nxe5 Nxe5 9. e3 Bxd2+ 10. Qxd2 O-O 11. Be2 d6 12. O-O b6 13. Bxe5 Qxe5 14. Bf3 Rb8 15. Rac1 Be6 16. Rfd1 a5 17. b4 axb4 18. axb4 f5 19. g3 Rbe8 20. Bc6 Rd8 21. Qd4 Qxd4 22. Rxd4 Kf7 23. e4 g5 24. exf5 Bxf5 25. f4 h6 26. b5 Kg7 27. Re1 Bd7 28. fxg5 hxg5 29. Re7+ Rf7 30. Rxd7 Rdxd7 31. Bxd7 Rxd7 32. Kf2 Re7 33. Kf3 Kf6 34. Re4 Rh7 35. Re2 Kf5 36. Rd2 g4+ 37. Ke3 Re7+ 38. Kd3 Re1 39. Rf2+ Ke5 40. Rf4 Rd1+ 41. Kc3 Rc1+ 42. Kd2 Rh1 43. Rxg4 Rxh2+ 44. Ke3 Rc2 45. Kd3 Rf2 46. Re4+ Kf5 47. Re7 Rf3+ 48. Re3 Rf1 49. Kd4 Rd1+ 50. Rd3 Re1 51. Rf3+ Kg6 1/2-1/2

[Event "Sta Barbara d'Oeste"]
[Site "?"]
[Date "1998.??.??"]
[Round "4"]
[White "Leitao Rafael"]
[Black "Limp Eduardo"]
[Result "1-0"]
[WhiteElo "2515"]
[BlackElo "2415"]
[PlyCount "133"]
[EventDate "1998.??.??"]
[Source "www.chesslib.no"]
[SourceDate "2004.05.04"]

1. d4 Nf6 2. c4 e5 3. dxe5 Ng4 4. Bf4 Bb4+ 5. Nd2 Nc6 6. Ngf3 Qe7 7. e3 Ngxe5 8. Nxe5 Nxe5 9. Be2 d6 10. O-O Bd7 11. a3 Bxd2 12. Qxd2 Ng6 13. Bg3 h5 14. h3 h4 15. Bh2 O-O 16. Bf3 Bc6 17. Bxc6 bxc6 18. c5 d5 19. Qd4 f5 20. Rfd1 Rf6 21. Qa4 Raf8 22. Rd4 Qxc5 23. Bxc7 f4 24. Bxf4 Nxf4 25. exf4 Re8 26. Qb4 Qc2 27. Qd2 Qxd2 28. Rxd2 Rxf4 29. Rc1 Re6 30. f3 Kf7 31. Rc5 Ke8 32. b4 Re3 33. Ra5 Rf7 34. Rc2 d4 35. Rd2 Rd7 36. Kf2 Rc3 37. Rh5 Rxa3 38. Rxh4 d3 39. Re4+ Kf7 40. Ke3 Rb3 41. h4 g6 42. g4 Rd5 43. g5 Ra3 44. Rf4+ Kg7 45. Rd4 Rxd4 46. Kxd4 a5 47. bxa5 Rxa5 48. Rxd3 Ra4+ 49. Ke5 Ra5+ 50. Ke4 Ra7 51. Rc3 Ra4+ 52. Ke5 Ra5+ 53. Kf4 c5 54. Kg4 Kf7 55. f4 Ra1 56. Rxc5 Rg1+ 57. Kf3 Rh1 58. Rc7+ Kg8 59. Ke4 Rxh4 60. Ke5 Rg4 61. Ra7 Rh4 62. Rc7 Rg4 63. Rd7 Rh4 64. f5 Ra4 65. f6 Ra5+ 66. Ke6 Ra6+ 67. Ke7 1-0

[Event "It Koyenko"]
[Site "It Koyenko Calicut"]
[Date "1988.??.??"]
[Round "10"]
[White "Palatnik, Semyon"]
[Black "Thipsay, Praveen Mahadeo"]
[Result "1/2-1/2"]
[WhiteElo "2500"]
[BlackElo "2420"]
[PlyCount "122"]
[EventDate "1988.??.??"]
[Source "www.chesslib.no"]
[SourceDate "2004.05.04"]

1. d4 Nf6 2. c4 e5 3. dxe5 Ng4 4. Bf4 Nc6 5. Nf3 Bb4+ 6. Nbd2 Qe7 7. e3 Ngxe5 8. Nxe5 Nxe5 9. Be2 b6 10. O-O Bxd2 11. Qxd2 Bb7 12. b4 d6 13. c5 dxc5 14. bxc5 O-O 15. Qc3 Ng6 16. Bg3 Rfd8 17. c6 Bc8 18. a4 f6 19. a5 Bf5 20. Ra4 Ne5 21. e4 Bg4 22. Ba6 Rab8 23. h3 b5 24. Bxb5 Rxb5 25. hxg4 Rd3 26. Qc2 Rc5 27. Qa2+ Qf7 28. Bxe5 Qxa2 29. Rxa2 fxe5 30. Rb1 a6 31. Rbb2 Rxc6 32. Rc2 Rdd6 33. Rxc6 Rxc6 34. Rd2 Kf7 35. Rd7+ Kg6 36. g3 h6 37. Rd5 Kf6 38. f4 Re6 39. f5 Rc6 40. Kg2 Rc4 41. Kh3 g6 42. Rd7 Rxe4 43. Rxc7 gxf5 44. Rc6+ Kg5 45. gxf5 h5 46. f6 Kg6 47. Rxa6 Ra4 48. Ra8 Kxf6 49. a6 Kg7 50. a7 h4 51. g4 e4 52. Kxh4 e3 53. Kg3 e2 54. Kf2 e1=Q+ 55. Kxe1 Ra2 56. Kd1 Kh7 57. Kc1 Kg7 58. Kb1 Ra6 59. Kb2 Ra5 60. Kb3 Ra1 61. Kc4 Rc1+ 1/2-1/2

[Event "Doeberl Cup"]
[Site "Canberra AUS"]
[Date "1991.??.??"]
[Round "7"]
[White "Van der Sterren, Paul"]
[Black "West, Guy"]
[Result "1-0"]
[WhiteElo "2475"]
[BlackElo "2445"]
[PlyCount "53"]
[EventDate "1991.??.??"]
[Source "www.chesslib.no"]
[SourceDate "2004.05.04"]

1. d4 Nf6 2. c4 e5 3. dxe5 Ng4 4. Bf4 Bb4+ 5. Nd2 d6 6. exd6 Qf6 7. e3 Nxf2 8. Kxf2 g5 9. Ne4 Qxb2+ 10. Be2 gxf4 11. exf4 cxd6 12. Rb1 Qa3 13. Qd4 Bc5 14. Nxc5 Qxc5 15. Qxc5 dxc5 16. Bf3 Nc6 17. Ne2 Na5 18. Rb5 Nxc4 19. Rxc5 Nb6 20. Re5+ Kf8 21. Rc1 Rb8 22. Rc7 Na8 23. Rc3 Be6 24. f5 Bxa2 25. Ra5 Bb1 26. Rb5 Ba2 27. Rb2 1-0

[Event "otb"]
[Site "otb"]
[Date "2007.04.05"]
[Round "5"]
[White "Beltran Rueda Santiago"]
[Black "Moskalenko Viktor"]
[Result "1/2-1/2"]
[WhiteElo "2381"]
[BlackElo "2539"]
[PlyCount "40"]
[Source "www.chesslib.no"]
[SourceDate "2004.05.04"]

1. d4 Nf6 2. c4 e5 3. dxe5 Ng4 4. Bf4 Nc6 5. Nf3 Bb4+ 6. Nbd2 Qe7 7. a3 Ngxe5 8. Nxe5 Nxe5 9. e3 Bxd2+ 10. Qxd2 d6 11. Be2 b6 12. O-O Bb7 13. b4 Ng6 14. Bg3 h5 15. c5 h4 16. cxd6 Qd7 17. Bf4 Nxf4 18. exf4 O-O 19. Rfd1 Rad8 20. Rac1 cxd6 1/2-1/2

[Event "Anapa"]
[Site "Anapa"]
[Date "1991.??.??"]
[Round "?"]
[White "Sherbakov, Ruslan"]
[Black "Chatalbashev, Boris"]
[Result "1-0"]
[WhiteElo "2525"]
[BlackElo "2390"]
[PlyCount "87"]
[EventDate "1991.??.??"]
[Source "www.chesslib.no"]
[SourceDate "2004.05.04"]

1. d4 Nf6 2. c4 e5 3. dxe5 Ng4 4. Bf4 Bb4+ 5. Nd2 d6 6. exd6 Qf6 7. Nh3 Nxf2 8. Kxf2 Bxh3 9. g3 Bxf1 10. Rxf1 Qd4+ 11. Kf3 Bxd6 12. Ne4 Qxd1 13. Raxd1 Bxf4 14. gxf4 Nd7 15. Rg1 g6 16. h4 Ke7 17. Rd3 Rad8 18. Ra3 a6 19. Re3 Kf8 20. Rd3 Ke7 21. Re3 Kf8 22. Rd3 Ke7 23. Rgd1 h6 24. Nc3 Nc5 25. Re3+ Kf6 26. Rxd8 Rxd8 27. Nd5+ Kg7 28. Nxc7 Rd2 29. b4 Na4 30. a3 Rc2 31. Ne8+ Kf8 32. Nd6 Nb2 33. c5 Nc4 34. Re8+ Kg7 35. Nxc4 Rxc4 36. Re7 Rc3+ 37. Ke4 Rxa3 38. Rxb7 Kf6 39. Kd5 Ra2 40. c6 Rxe2 41. c7 Rd2+ 42. Kc6 Rc2+ 43. Kb6 Ke6 44. Rb8 1-0

[Event "Albena"]
[Site "Albena"]
[Date "1985.??.??"]
[Round "?"]
[White "Farago, Ivan"]
[Black "Toshkov, Tihomir"]
[Result "1-0"]
[WhiteElo "2495"]
[BlackElo "2420"]
[PlyCount "63"]
[EventDate "1985.09.02"]
[Source "www.chesslib.no"]
[SourceDate "2004.05.04"]

1. d4 Nf6 2. c4 e5 3. dxe5 Ng4 4. Bf4 Nc6 5. Nf3 Bb4+ 6. Nbd2 Qe7 7. a3 Bxd2+ 8. Qxd2 Ngxe5 9. Nxe5 Nxe5 10. c5 O-O 11. e3 Re8 12. Rc1 b6 13. cxb6 axb6 14. Rxc7 Ng6 15. Bg3 h5 16. Bc4 Ra5 17. Qd6 Qe4 18. O-O h4 19. Bd3 Qg4 20. h3 Qg5 21. Bf4 Nxf4 22. exf4 Rd5 23. fxg5 Rxd6 24. Bb5 Rd5 25. a4 Rc5 26. Rxc5 bxc5 27. Rc1 Re5 28. f4 Rd5 29. g6 Kf8 30. Bc4 Rd2 31. Bxf7 Bb7 32. Re1 1-0

[Event "Club Argentino-Ruibal"]
[Site "Buenos Aires ARG"]
[Date "2008.10.06"]
[Round "6"]
[White "Lemos, Damian"]
[Black "Dos Santos, Ramiro"]
[Result "1-0"]
[WhiteElo "2479"]
[BlackElo "2435"]
[PlyCount "71"]
[EventDate "2008.09.29"]
[Source "www.chesslib.no"]
[SourceDate "2004.05.04"]

1. d4 Nf6 2. c4 e5 3. dxe5 Ng4 4. Bf4 g5 5. Bg3 Nc6 6. Nc3 Ngxe5 7. h4 Bg7 8. e3 g4 9. Nge2 Nxc4 10. Nf4 N4e5 11. Nh5 O-O 12. Be2 d6 13. Nd5 Be6 14. Ndf4 Qd7 15. O-O f5 16. Rc1 Bf7 17. b4 a6 18. Nxg7 Kxg7 19. a4 Rfe8 20. Qd2 Nd8 21. Qc3 Rc8 22. Nd3 Qe7 23. e4 fxe4 24. Nxe5 dxe5 25. Bxg4 Be6 26. Bxe5+ Kf8 27. Bf6 Qf7 28. Qc5+ Kg8 29. Bh5 Qxf6 30. Bxe8 b6 31. Qe3 Nb7 32. Bc6 Nd6 33. Bxe4 Bf7 34. Qg3+ Kh8 35. Bb1 Rg8 36. Qc3 1-0

[Event "Hungary"]
[Site "?"]
[Date "2001.??.??"]
[Round "4"]
[White "Stohl Igor"]
[Black "Forintos Gyozo V"]
[Result "1-0"]
[WhiteElo "2534"]
[BlackElo "2379"]
[PlyCount "71"]
[EventDate "2001.??.??"]
[Source "www.chesslib.no"]
[SourceDate "2004.05.04"]

1. d4 Nf6 2. c4 e5 3. dxe5 Ng4 4. Bf4 Bb4+ 5. Nd2 Nc6 6. Ngf3 Qe7 7. e3 Ngxe5 8. Nxe5 Nxe5 9. Be2 O-O 10. O-O a5 11. a3 Bxd2 12. Qxd2 d6 13. b4 Ng6 14. Bg3 axb4 15. axb4 Bd7 16. Rac1 Be6 17. Rfd1 Ra7 18. Qd4 Ra4 19. c5 d5 20. Bb5 Raa8 21. c6 b6 22. Ra1 f6 23. Be2 Bf7 24. Bf3 Rad8 25. Ra7 Ne5 26. Bxe5 fxe5 27. Qxb6 Qf6 28. Qxc7 e4 29. Bg4 Rd6 30. b5 d4 31. Qe7 Bb3 32. Qxf6 Rdxf6 33. Rxd4 Rxf2 34. h3 h5 35. Rdd7 Rf1+ 36. Kh2 1-0

[Event "Tuzla"]
[Site "Tuzla"]
[Date "1981.??.??"]
[Round "6"]
[White "Lukacs, Peter"]
[Black "Schussler, Harry"]
[Result "1/2-1/2"]
[WhiteElo "2465"]
[BlackElo "2445"]
[PlyCount "40"]
[EventDate "1981.10.??"]
[Source "www.chesslib.no"]
[SourceDate "2004.05.04"]

1. d4 Nf6 2. c4 e5 3. dxe5 Ng4 4. Bf4 Nc6 5. Nf3 Bb4+ 6. Nbd2 Qe7 7. a3 Ngxe5 8. Nxe5 Nxe5 9. e3 Bxd2+ 10. Qxd2 d6 11. Be2 O-O 12. O-O b6 13. b4 Bb7 14. Bg3 Nd7 15. Rfe1 a5 16. Bf1 f5 17. f3 Ra7 18. Qd4 Rfa8 19. Rab1 axb4 20. axb4 Ra3 1/2-1/2